Diplomacy for a crowded world: an american foreign policy

保存先:
書誌詳細
第一著者: Ball, George W (著者)
フォーマット: 図書
言語:英語
出版事項: Boston Little, Brown 1976
シリーズ:An Atlantic Monthly Press Book
主題:
タグ: タグ追加
タグなし, このレコードへの初めてのタグを付けませんか!

MARC

LEADER 00000nam a2200000 a 4500
001 UCO8121
003 CL-VaPUC
005 20240425161929.0
008 001201e19760000US |||||||||||||||||eng|d
999 |c 292852  |d 292850 
040 |c Pontificia Universidad Católica de Valparaíso 
082 0 4 |a 327.73  |b BAL  |2 21 
100 0 |a Ball, George W  |e author  |9 452883 
245 1 0 |a Diplomacy for a crowded world: an american foreign policy 
260 |a Boston  |b Little, Brown  |c 1976 
300 |a 356 p 
490 0 |a An Atlantic Monthly Press Book 
500 1 |a Donación del profesor Manfred Wilhelmy von Wolff 
541 1 |c Donado por  
583 |a last modification  |c 20001201 00:00:00  |k Rodrigo Vera 
600 0 |a Nixon, Richard  |q (Richard Milhous),  |d 1913-1994  |9 876009 
600 0 |a Kissinger, Henry Alfred  |d 1923-2023  |9 859269 
650 0 |a Relaciones Internacionales  |9 255740 
650 0 |a Política exterior   |9 316628 
650 0 |a Historia diplomática  |9 314834 
650 0 |a Desarrollo económico y social   |9 256320 
650 7 |a EXPLOSION DEMOGRAFICA  |2 CL-VaPUC  |9 409765 
651 0 |a Estados Unidos  |9 255178 
852 |a BIBCUR 
942 |c BK  |2 ddc 
945 |d 20001201 00:00:00  |a crobeson 
952 |0 0  |1 0  |4 0  |6 327_730000000000000_BAL_1976  |7 0  |8 A  |9 343928  |a BIBHIS  |b BIBHIS  |d 2019-11-20  |i 1235613  |o 327.73 BAL 1976  |p 1235613  |r 2025-01-20  |w 2019-11-20  |y BK  |k HIS